F1 Drivers by Picture (1970s) - Statistics

General Stats
  • This quiz has been taken 87 times
  • The average score is 12 of 20
Answer Stats
Picture Answer % Correct
Niki Lauda
95%
James Hunt
88%
Emerson Fittipaldi
80%
Jackie Stewart
78%
Gilles Villeneuve
77%
Jody Scheckter
73%
Mario Andretti
70%
Jochen Rindt
69%
Alan Jones
66%
Clay Regazzoni
66%
Ronnie Peterson
63%
François Cevert
58%
Carlos Reutemann
56%
Jacky Ickx
56%
Carlos Pace
53%
Jacques Laffite
48%
Didier Pironi
33%
Patrick Depailler
27%
Jochen Mass
22%
Vittorio Brambilla
16%
No matching quizzes found
Score Distribution
Percent of People with Each Score
Percentile by Number Answered
Your Score History
You have not taken this quiz